Voda 2019 : sborník přednášek a posterových sdělení z 13. bienální konference CzWA. Poděbrady, ČR, 18. - 20. září 2019
Na minha lista:
| Autor Corporativo: | |
|---|---|
| Outros Autores: | |
| Formato: | Conference Proceeding Livro |
| Idioma: | tcheco eslovaco |
| Publicado em: |
Brno :
CzWA service,
2019
|
| Edição: | 1. vyd. |
| Tags: |
Sem tags, seja o primeiro a adicionar uma tag!
|
MARC
| LEADER | 00000nam a22000003a 4500 | ||
|---|---|---|---|
| 001 | 0075975 | ||
| 003 | SK-STU | ||
| 005 | 20220509081900.2 | ||
| 007 | ta | ||
| 008 | 170927s ----xo-----e------100-0-----d | ||
| 022 | |a 2694-7013 | ||
| 040 | |a STU |b slo | ||
| 041 | 0 | |a cze |a slo | |
| 044 | |a xr | ||
| 111 | 2 | |a Voda 2019 |n 13. |d 18. - 20. 9. 2019 |c Poděbrady, Česká republika | |
| 245 | 1 | 0 | |a Voda 2019 : |b sborník přednášek a posterových sdělení z 13. bienální konference CzWA. Poděbrady, ČR, 18. - 20. září 2019 |h [elektronický zdroj] |
| 250 | |a 1. vyd. | ||
| 260 | |a Brno : |b CzWA service, |c 2019 | ||
| 300 | |a USB kľúč, 567 s. | ||
| 700 | 1 | |a Kabelková, Ivana |4 edt | |
| 996 | |c V* 904/A |l VV17 |s P |a 0 |w 0075975_0001 | ||
| 996 | |c V* 905/A |l VV17 |s P |a 0 |w 0075975_0002 | ||
| 996 | |c V* 913/A |l VV17 |s P |a 0 |w 0075975_0003 | ||